Shakespearean tragedy: lectures on Hamlet, Othello, King Lear, Macbeth (Record no. 78091)

MARC details
000 -LEADER
fixed length control field 00574nam a2200217Ia 4500
003 - CONTROL NUMBER IDENTIFIER
control field OSt
005 - DATE AND TIME OF LATEST TRANSACTION
control field 20230525144942.0
008 - FIXED-LENGTH DATA ELEMENTS--GENERAL INFORMATION
fixed length control field 210210b1966 xxu||||| |||| 00| 0 eng d
040 ## - CATALOGING SOURCE
Transcribing agency AL
041 ## - LANGUAGE CODE
Language code of text/sound track or separate title English
082 ## - DEWEY DECIMAL CLASSIFICATION NUMBER
Classification number 822.33S-V BRAS
100 ## - MAIN ENTRY--PERSONAL NAME
Personal name BRADLEY (A C).
9 (RLIN) 113929
245 ## - TITLE STATEMENT
Title Shakespearean tragedy: lectures on Hamlet, Othello, King Lear, Macbeth
250 ## - EDITION STATEMENT
Edition statement 2
260 ## - PUBLICATION, DISTRIBUTION, ETC.
Place of publication, distribution, etc. London.
Name of publisher, distributor, etc. Macmillan & Co. Ltd.
Date of publication, distribution, etc. 1966
300 ## - PHYSICAL DESCRIPTION
Extent xv,432
650 ## - SUBJECT ADDED ENTRY--TOPICAL TERM
Topical term or geographic name entry element Shakespear, Tragedy
9 (RLIN) 113930
690 ## - LOCAL SUBJECT ADDED ENTRY--TOPICAL TERM (OCLC, RLIN)
Topical term or geographic name as entry element English Drama
9 (RLIN) 113931
906 ## - LOCAL DATA ELEMENT F, LDF (RLIN)
a 026785
942 ## - ADDED ENTRY ELEMENTS (KOHA)
Source of classification or shelving scheme Dewey Decimal Classification
Koha item type Book
Holdings
Withdrawn status Lost status Source of classification or shelving scheme Damaged status Not for loan Collection code Home library Current library Shelving location Date acquired Cost, normal purchase price Total Checkouts Full call number Barcode Date last seen Price effective from Koha item type
    Dewey Decimal Classification     English St Aloysius Library St Aloysius Library Secondary stack section 02/17/2021 0.00   822.33S-V BRAS 026785 02/17/2021 02/17/2021 Book
    Dewey Decimal Classification     English St Aloysius Library St Aloysius Library Secondary stack section 02/17/2021 0.00   822.33S-V BRAS 026786 02/17/2021 02/17/2021 Book